Estructura y ritmo de la sociedad humana : (Registro nro. 118551)
[ vista simple ]
| 000 -LEADER | |
|---|---|
| fixed length control field | 00596cam a2200193 4500 |
| 005 - DATE AND TIME OF LATEST TRANSACTION | |
| control field | 20180821100333.0 |
| 008 - FIXED-LENGTH DATA ELEMENTS--GENERAL INFORMATION | |
| fixed length control field | 170207b1945 mx ||||| |||| 001 0 spa d |
| 050 04 - LIBRARY OF CONGRESS CALL NUMBER | |
| Classification number | HM626 |
| Item number | S43 1945 |
| 100 1# - MAIN ENTRY--PERSONAL NAME | |
| Personal name | Segal, Luis |
| Relator term | autor |
| 245 10 - TITLE STATEMENT | |
| Title | Estructura y ritmo de la sociedad humana : |
| Remainder of title | Económico-Social / |
| Statement of responsibility, etc | Luis Segal ; traducción de José Ferrel. |
| 250 ## - EDITION STATEMENT | |
| Edition statement | Quinta edición |
| 260 ## - PUBLICATION, DISTRIBUTION, ETC. (IMPRINT) | |
| Place of publication, distribution, etc | México : |
| Name of publisher, distributor, etc | Fuente Cultural, |
| Date of publication, distribution, etc | 1945 |
| 300 ## - PHYSICAL DESCRIPTION | |
| Extent | 480 páginas ; |
| Dimensions | 22 cm. |
| 490 #0 - SERIES STATEMENT | |
| Series statement | Daniel |
| 504 ## - BIBLIOGRAPHY, ETC. NOTE | |
| Bibliography, etc | Incluye apéndices e índice |
| 650 #7 - SUBJECT ADDED ENTRY--TOPICAL TERM | |
| Source of heading or term | lemb |
| Topical term or geographic name as entry element | Economía |
| 650 #7 - SUBJECT ADDED ENTRY--TOPICAL TERM | |
| Source of heading or term | lemb |
| Topical term or geographic name as entry element | Capitalismo |
| 700 1# - ADDED ENTRY--PERSONAL NAME | |
| Personal name | Ferrel, José, |
| Relator term | traductor |
| 942 ## - ADDED ENTRY ELEMENTS (KOHA) | |
| Source of classification or shelving scheme | Biblioteca del Cogreso de los Estados Unidos |
| Koha item type | Libro |
| Estado de pérdida | Fuente de clasificación | Estado del daño | No para préstamo | Ubicación permanente | Ubicación actual | Apartado o colección | Fecha de adquisición | Edición | Área del conocimiento | Clasificación | Código de Barras | Date last seen | Número de copia | Tipo de recurso | Enumeración de Serie / Cronológica | Dependencia de educación superior (DES) | Costo por reposición |
|---|---|---|---|---|---|---|---|---|---|---|---|---|---|---|---|---|---|
| Biblioteca del Cogreso de los Estados Unidos | Biblioteca de la Facultad de Derecho y Ciencias Sociales "Felipe J. Tena" | Biblioteca de la Facultad de Derecho y Ciencias Sociales "Felipe J. Tena" | General | 11/07/2018 | 1a. ed. | Ciencias Sociales y Administrativas | HB178.5 S44 1945 | BFD000010530 | 11/07/2018 | 1 | Libro | BFD000010530 | Derecho | ||||
| Biblioteca del Cogreso de los Estados Unidos | Biblioteca de la Unidad de Ciencias Ingeniería y Humanidades | Biblioteca de la Unidad de Ciencias Ingeniería y Humanidades | General | 07/02/2017 | 1a ed. | Educación y Humanidades | HM626 S44 1945 | BCU000000546 | 07/02/2017 | C:1 | Libro | ||||||
| Biblioteca del Cogreso de los Estados Unidos | Biblioteca de la Unidad de Ciencias Ingeniería y Humanidades | Biblioteca de la Unidad de Ciencias Ingeniería y Humanidades | General | 28/10/2019 | 5a. ed. | Ciencias Sociales y Administrativas | HM101 S43 1945 | BCU000008705 | 28/10/2019 | C:1 | Libro | 1.00 | |||||
| Biblioteca del Cogreso de los Estados Unidos | Biblioteca de la Unidad de Ciencias Ingeniería y Humanidades | Biblioteca de la Unidad de Ciencias Ingeniería y Humanidades | General | 28/10/2019 | 5a. ed. | Ciencias Sociales y Administrativas | HM101 S43 1945 | BCU000008706 | 28/10/2019 | C:2 | Libro | 1.00 |